000 00434 a2200121 4500
001 75631
005 20260303120311.0
010 _a978-989-9878-21-9
090 _a75631
100 _a20260303 pory50
200 _aSophia : 15ª edição do concurso literário Sophia de Mello Breyner Andresen
_fCâmara Municipal de Loulé ; Câmara Municipal de Lagos
210 _cCâmara Municipal de Loulé ; Câmara Municipal de Lagos
_d2022
942 _cMON